000 00561nam a2200205 a 4500
999 _c4373
_d4373
001 4373
003 BD-JhCC
005 20171129102749.0
008 171126s1966 b a|||| |||| 00| 0 eng d
035 _a(BD-JhCC)
040 _aBD-JhCC
_dBD-JhCC
041 _aeng
082 _a920
_bKHA 1966
100 _aKhan, Talehuddin
245 _aOur Quaid-E-Azam :
_bA biography of Mohammed Ali Jinnah for the young /
_cTalehuddin Khan
260 _aDacca-1 :
_bOrion Publications,
_c1966
300 _a99 p. :
_bill. ;
_c20cm.
650 _aBiography
942 _2ddc
_cBK